Statistics for English Monarchy Names - High Scores

Click here to take the quiz!

General Stats

  • This quiz has been taken 55 times
  • The average score is 11 of 17

Answer Stats

HintAnswer% Correct
JaneI
88%
VictoriaI
86%
ElizabethII
86%
HenryVIII
84%
StephenI
77%
AnneI
74%
PhilipI
70%
JohnI
70%
CharlesIII
70%
RichardIII
70%
MaryII
60%
WilliamIV
58%
LouisI
56%
GeorgeVI
53%
EdwardVIII
51%
JamesII
44%
HaroldII
19%

Score Distribution

Percentile by Number Answered

Percent of People with Each Score

Your Score History

You have not taken this quiz